|
|
|
|
| LEADER |
00973naa a2200217 i 4500 |
| 001 |
acta59546 |
| 005 |
20230616152803.0 |
| 008 |
191002s1998 hu o 1|| eng d |
| 040 |
|
|
|a SZTE Egyetemi Kiadványok Repozitórium
|b hun
|
| 041 |
|
|
|a eng
|
| 100 |
1 |
|
|a Malek Mazen
|
| 245 |
1 |
0 |
|a Combination of conformance, performance and interoperability testing for Internet applications
|h [elektronikus dokumentum] :
|b [abstract] /
|c Malek Mazen
|
| 260 |
|
|
|a University of Szeged
|b Szeged
|c 1998
|
| 300 |
|
|
|a 76
|
| 490 |
0 |
|
|a Conference of PhD Students in Computer Science
|v 1
|
| 650 |
|
4 |
|a Természettudományok
|
| 650 |
|
4 |
|a Számítás- és információtudomány
|
| 695 |
|
|
|a Számítástechnika - előadáskivonat, Számítógép-hálózat - Internet - előadáskivonat
|
| 700 |
0 |
1 |
|a Geche Roland
|e aut
|
| 711 |
|
|
|a Conference of PhD students in computer science (1.)
|c Szeged
|d 1998. július 18-22.
|
| 856 |
4 |
0 |
|u http://acta.bibl.u-szeged.hu/59546/1/cscs_1998_076.pdf
|z Dokumentum-elérés
|